[Event "Wiesbaden op"]
[Site "Wiesbaden"]
[Date "2007.08.09"]
[Round "6"]
[White "Schmitz, Klaus Dieter"]
[Black "Baunemann, Wilhelm"]
[Result "1-0"]
[WhiteElo "1534"]
[BlackElo "789"]
[PlyCount "53"]
[EventDate "2007.08.02"]
[EventType "swiss"]
[EventRounds "7"]
[EventCountry "GER"]
[SourceTitle "EXT 2008"]
[Source "ChessBase"]
[SourceDate "2007.11.25"]
[SourceVersion "1"]
[SourceVersionDate "2007.11.25"]
[SourceQuality "1"]

1. d4 d5 2. c4 Nf6 3. Nc3 c6 4. e3 Bf5 5. Bd3 e6 6. Bxf5 exf5 7. cxd5 cxd5 8. Qf3 Qd7 9. Nge2 Nc6 10. a3 Bd6 11. 0-0 0-0 12. Bd2 Ng4 13. h3 Nh2 14. Qxd5 Nxf1 15. Kxf1 Ne7 16. Qf3 Ng6 17. Qh5 Be7 18. Ng3 Qc6 19. Nxf5 Bf6 20. Qg4 Kh8 21. Ne4 Rg8 22. Nfd6 Raf8 23. Bc3 Qc4+ 24. Nxc4 Ne7 25. Qh5 g6 26. Qf3 Bg7 27. Nf6 1-0

[Event "Wiesbaden op"]
[Site "Wiesbaden"]
[Date "2007.08.02"]
[Round "1"]
[White "Kannenberg, Carl Friedrich"]
[Black "Baunemann, Wilhelm"]
[Result "1-0"]
[WhiteElo "1972"]
[BlackElo "789"]
[PlyCount "66"]
[EventDate "2007.08.02"]
[EventType "swiss"]
[EventRounds "7"]
[EventCountry "GER"]
[SourceTitle "EXT 2008"]
[Source "ChessBase"]
[SourceDate "2007.11.25"]
[SourceVersion "1"]
[SourceVersionDate "2007.11.25"]
[SourceQuality "1"]

1. e4 d5 2. exd5 Qxd5 3. Nc3 Qa5 4. d4 Nf6 5. Nf3 Bf5 6. Bb5+ c6 7. Bd3 e6 8. Bxf5 Qxf5 9. 0-0 Bd6 10. h3 0-0 11. Qe2 Nbd7 12. Be3 Qa5 13. a3 Qc7 14. Rad1 Rfe8 15. Qd3 Nd5 16. Nxd5 cxd5 17. Rc1 Nf6 18. c4 Qe7 19. c5 Bc7 20. b4 Qd7 21. b5 Qe7 22. Rc2 e5 23. Nxe5 Bxe5 24. dxe5 Qxe5 25. Rfc1 Ne4 26. Qd4 Qf5 27. a4 Rac8 28. a5 a6 29. bxa6 bxa6 30. c6 Rc7 31. Qb6 Rec8 32. Qxa6 Nd6 33. Bb6 Ra8 1-0